Cam Jansen and the Triceratops Pops mystery / David A. Adler ; illustrated by Susanna Natti.
When Cam Jansen and her friend Eric go the music store at the mall for the latest CD by the Triceratops Pops band, Cam uses her photographic memory to foil a crime.
Record details
- ISBN: 9780140375121
- ISBN: 0140375120
- Physical Description: 56 pages : illustrations ; 22 cm.
- Publisher: New York, N.Y., U.S.A. : Viking, 1995.
Content descriptions
| Target Audience Note: | Ages 7-10. |
| Study Program Information Note: | Accelerated Reader 3.7. Reading Counts! 2.4. |
Search for related items by subject
| Subject: | Jansen, Cam (Fictitious character) Detective and mystery stories. |
| Genre: | Detective and mystery fiction. |
Search for related items by series
| LDR | 01527nam a2200397 a 4500 | ||
|---|---|---|---|
| 001 | 150516 | ||
| 003 | CONS | ||
| 005 | 20190313142351.0 | ||
| 008 | 950428s1995 nyua j 000 1 eng | ||
| 010 | . | ‡a 95004576 | |
| 020 | . | ‡a9780140375121 ‡q(hardcover) | |
| 020 | . | ‡a0140375120 ‡q(hardcover) | |
| 035 | . | ‡a(CPomAG)LMN611418 | |
| 042 | . | ‡alcac | |
| 050 | 0 | 0. | ‡aPZ7.A2615 ‡bCar 1995 |
| 082 | 0 | 0. | ‡a[Fic] ‡220 |
| 100 | 1 | . | ‡aAdler, David A. |
| 245 | 1 | 0. | ‡aCam Jansen and the Triceratops Pops mystery / ‡cDavid A. Adler ; illustrated by Susanna Natti. |
| 260 | . | ‡aNew York, N.Y., U.S.A. : ‡bViking, ‡c1995. | |
| 300 | . | ‡a56 pages : ‡billustrations ; ‡c22 cm. | |
| 336 | . | ‡atext ‡btxt ‡2rdacontent | |
| 337 | . | ‡aunmediated ‡bn ‡2rdamedia | |
| 338 | . | ‡avolume ‡bnc ‡2rdacarrier | |
| 490 | 1 | . | ‡aA Cam Jansen adventure ; ‡v15 |
| 520 | . | ‡aWhen Cam Jansen and her friend Eric go the music store at the mall for the latest CD by the Triceratops Pops band, Cam uses her photographic memory to foil a crime. | |
| 521 | 1 | . | ‡aAges 7-10. |
| 526 | 0 | . | ‡aAccelerated Reader ‡c3.7. |
| 526 | 0 | . | ‡aReading Counts! ‡c2.4. |
| 650 | 0. | ‡aJansen, Cam (Fictitious character) | |
| 650 | 0. | ‡aDetective and mystery stories. | |
| 655 | 7. | ‡aDetective and mystery fiction. ‡2lcgft | |
| 700 | 1 | . | ‡aNatti, Susanna, ‡eillustrator. |
| 800 | 1 | . | ‡aAdler, David A. ‡tCam Jansen adventure ; ‡v15. |
| 914 | . | ‡aSCP_LP | |
| 959 | . | ‡i32269001108409 ‡lJF Adl ‡aJuvenile - Fiction ‡tJuv Fiction ‡g18.00 | |
| 852 | . | ‡p32269001108409 ‡jJF Adl ‡gJuvenile - Fiction ‡cJuv Fiction ‡y18.00 ‡bSBPL | |
| 901 | . | ‡a150516 ‡bUnknown ‡c150516 ‡tbiblio | |